000 00322nam a2200109Ia 4500
008 230907s9999||||xx |||||||||||||| ||und||
082 _a620.115
_bRAY
245 0 _aCarbon Nanomaterials for Biological and Medical Applications (Micro and Nano Technologies) /
260 _aElsevier,
_c2017
300 _a234 p.
942 _cBK
999 _c598392
_d598392